000 00816nam a22002177a 4500
008 240702b mp ||||| |||| 00| 0 mon d
035 _a8054
040 _aSU1322070
_bmon
_cMN-UlNLM
_dMN-UlNLM
_erda
041 _amon
042 _a19605
084 _2NNA
_a84.4
_bC-24
100 _aДефо Даниэль
245 0 _aРобинзон Крузо
264 _aУлаанбаатар
_bМонсудар
300 _a206х.
336 _2rdacontent
_atext
_btxt
337 _2rdamedia
_aunmediated
_bn
338 _2rdacarrier
_avolume
_bnc
650 _aАгуулга : Английн зохиолч Даниэль Дефо дэлхийн уран зохиолд * Робинзон Крузо * романаараа мөнхөрсөн юм. 300 гаруй жилийн туршид...
942 _2NNA
_cBK
999 _c1066208
_d1066265